000 00507nam a22001937i 4500
001 6162
003 OSt
005 20180910131150.0
008 161220s1995 au ||||| |||| 00| 00eng d
024 7 _a6162
_2RID
024 7 _a6162
_2RSN (alt)
040 _cOSt
041 _aeng
100 1 _aNeuhold, Hanspeter
245 0 0 _aAustria Still between East and West?
260 _aWien :
_bÖsterreichisches Institut für Internationale Politik (OIIP),
_c1995.
490 _aOIIP - Arbeitspapier
_v10
942 _cP
999 _c5799
_d5799